Estatísticas para Países com as Maiores Economias

Clique aqui para jogar o quiz

Estatísticas Gerais

  • Esse quiz foi jogado 7 694 vezes
  • A pontuação média é 18 de 22

Estatísticas das Respostas

PIBPaís% Correto
31.4 TChina
100%
21.7 TEstados Unidos
100%
3.48 TBrasil
99%
4.46 TAlemanha
97%
5.73 TJapão
96%
4.41TRússia
96%
3.05 TFrança
96%
1.91 TCanadá
93%
3.16 TReino Unido
93%
12.4 TÍndia
92%
2.40 TItália
91%
2.58 TMéxico
90%
1.89 TEspanha
90%
1.38 TAustrália
89%
2.43 TCoreia do Sul
84%
1.96 TArábia Saudita
71%
4.17 TIndonésia
67%
1.48 TIrão
59%
2.42 TTurquia
58%
1.50 TEgito
49%
1.40 TTailândia
46%
1.37 TTaiwan
38%

Distribuição das Pontuações

Percentil de Números Respondidos

Porcentagem de Pessoas com Cada Pontuação

Sua Pontuação Histórica

Você não jogou esse quiz